Innovation to the Core : A Blueprint for Transformating the Way Your Company Innovates /

Salvato in:
Dettagli Bibliografici
Autore principale: Skarzynski, Peter (autor)
Altri autori: Gibson, Rowan (autor) (autor), Hamel, Gary (introducción) (introducción)
Natura: Libro
Lingua:inglese
Pubblicazione: Boston, EUA : Harvard University, Business School, 2008, c2008
Soggetti:
Tags: Aggiungi Tag
Nessun Tag, puoi essere il primo ad aggiungerne!!

MARC

LEADER 00000nam^a2200000^a^4500
001 000278132
005 20250521000000.0
009 20260310111356.879
020 |a 978-1-4221-0251-0 
037 |a Acervo ITESO - Biblioteca 
041 |a ING 
082 |a 658. 4063  |b SKA 
100 |a Skarzynski, Peter  |e (autor) 
245 1 0 |a Innovation to the Core :  |b A Blueprint for Transformating the Way Your Company Innovates /  |c P. Skarzynski, R. Gibson ; introd. de G. Hamel. 
264 4 |a Boston, EUA :  |b Harvard University, Business School,  |c 2008, c2008 
300 |a XIX, 295 p. 
336 |a texto  |b txt  |2 rdacontenido 
337 |a sin mediación  |b n  |2 rdamedio 
338 |a volumen  |b nc  |2 rdasoporte 
649 |a XX 
650 |a Empresas -  |x Administración 
650 |a Innovación Administrativa -  |x Tema Principal 
650 |a Cambio Organizacional 
650 |a Desarrollo Organizacional 
650 |a Proceso Administrativo -  |x Tema Principal 
650 |a Administración 
650 |a Ciencias Administrativas 
700 |a Gibson, Rowan  |e (autor) 
700 |a Hamel, Gary  |e (introducción) 
910 |a Fondo General 
920 |a Impresos - Libros 
930 |a Colección General 
905 |a 101 
901 |a 0500163560  |b IT1  |c ACC  |u 20250521 
902 |a https://opac.biblio.iteso.mx/vufind/Record/000278132